Geography by Letter - G - Statistics

General Stats
  • This quiz has been taken 126,746 times
  • The average score is 16 of 22
Answer Stats
Hint Answer % Correct
English name for Deutschland Germany
96%
World's largest island Greenland
91%
U.S. state or Caucasian country Georgia
88%
California's most famous bridge Golden Gate Bridge
87%
Biggest city in Scotland Glasgow
84%
Location of the Great Pyramid Giza
82%
Island chain in Ecuador once visited by Darwin Galapagos
81%
South American country Guyana
81%
Hinduism's holiest river Ganges
78%
Strait separating Spain and Morocco Gibraltar
78%
Huron or Superior, for example Great Lake
75%
Desert in China and Mongolia Gobi
73%
Small U.S. territory in the Pacific Guam
72%
Hungarian meat stew Goulash
68%
Elvis's former mansion Graceland
65%
Pennsylvania site of a 1863 Civil War battle Gettysburg
62%
Spanish tomato soup, served cold Gazpacho
56%
Italian name equivalent to John Giovanni
55%
Sweden's second largest city Gothenburg
51%
Mexico's third largest metro area Guadalajara
46%
Sea inlet similar to a bay Gulf
45%
Term for a "cowboy" of Patagonia Gaucho
40%
No matching quizzes found
Score Distribution
Percent of People with Each Score
Percentile by Number Answered
Your Score History
You have not taken this quiz